[Event "6th EUR-ch (w)"]
[Site "Chisinau MDA"]
[Date "2005.06.20"]
[Round "9"]
[White "Danielian, Elina"]
[Black "Collas, Silvia"]
[Result "1/2-1/2"]
[WhiteElo "2415"]
[BlackElo "2381"]
[EventDate "2005.06.10"]
[PlyCount "102"]

1.d4 e6 2.Nf3 c5 3.e3 Nf6 4.c4 cxd4 5.exd4 d5 6.Nc3 Bb4 7.cxd5 Nxd5 8.Qc2 
Qc7 9.Bd2 Nd7 10.Bd3 Bxc3 11.bxc3 Nf4 12.Bxf4 Qxf4 13.O-O g6 14.Rfe1 O-O 
15.Re4 Qf6 16.Qd2 b6 17.Rh4 Bb7 18.Ng5 h5 19.Re1 Rfd8 20.Rh3 Nf8 21.Be4 
Bxe4 22.Nxe4 Qg7 23.Qf4 Nh7 24.Rf3 Rd7 25.h4 Rad8 26.Rb1 Qf8 27.Rb5 Rd5 
28.Rxd5 exd5 29.Nd2 Rd6 30.c4 Rf6 31.Qc7 Qb4 32.Rd3 dxc4 33.Qxc4 Qxc4 34.
Nxc4 b5 35.Nd2 Ra6 36.d5 Nf6 37.d6 Nd7 38.Ne4 Ra4 39.f3 f6 40.Nc3 Ra3 41.
Re3 Kf8 42.Re7 Rxc3 43.Rxd7 Ra3 44.Rb7 Ke8 45.Rxb5 Kd7 46.Rb7+ Kxd6 47.Rg7
Rxa2 48.Rxg6 Ke6 49.Rh6 Ra5 50.Rh7 a6 51.Kh2 Rb5 1/2-1/2

[Event "6th EUR-ch (w)"]
[Site "Chisinau MDA"]
[Date "2005.06.20"]
[Round "9"]
[White "Houska, Jovanka"]
[Black "Slavina, Irina"]
[Result "1/2-1/2"]
[WhiteElo "2334"]
[BlackElo "2415"]
[EventDate "2005.06.10"]
[PlyCount "68"]

1.e4 e5 2.Nf3 Nc6 3.d4 exd4 4.Bc4 Bc5 5.c3 Nf6 6.e5 d5 7.Bb5 Ne4 8.cxd4 
Bb4+ 9.Bd2 Nxd2 10.Bxc6+ bxc6 11.Nbxd2 O-O 12.O-O c5 13.a3 Bxd2 14.Qxd2 c4
15.b3 cxb3 16.Rfb1 Rb8 17.Qc3 f6 18.Rxb3 Rb6 19.Rc1 Bg4 20.Rxb6 axb6 21.
Ne1 fxe5 22.dxe5 Qg5 23.Ra1 Re8 24.h3 Bh5 25.Nd3 Bf3 26.g3 Be4 27.Re1 Bxd3
28.Qxd3 Rxe5 29.Rd1 Qh5 30.Kg2 Qe8 31.Rd2 Qg6 32.Qa6 Qe4+ 33.Kh2 Qe1 34.
Qc8+ Re8 1/2-1/2

[Event "6th EUR-ch (w)"]
[Site "Chisinau MDA"]
[Date "2005.06.20"]
[Round "9"]
[White "Pahtz, Elisabeth"]
[Black "Pogonina, Natalia"]
[Result "1-0"]
[WhiteElo "2407"]
[BlackElo "2355"]
[EventDate "2005.06.10"]
[PlyCount "165"]

1.e4 c5 2.Nf3 d6 3.d4 cxd4 4.Qxd4 a6 5.c4 Nc6 6.Qd2 Nf6 7.Nc3 g6 8.b3 Bg7 
9.Bb2 O-O 10.h3 Qa5 11.Bd3 Rb8 12.a3 e6 13.O-O Rd8 14.b4 Qc7 15.Rfe1 Ne5 
16.Nxe5 dxe5 17.Qe3 Bd7 18.Bf1 Bc6 19.Rac1 Be8 20.Nb1 Rbc8 21.Nd2 Nd7 22.
c5 Nb8 23.Nc4 Nc6 24.Nd6 Rb8 25.Red1 Nd4 26.Qg3 Ba4 27.Re1 Nc6 28.Nc4 Bb5 
29.Nb6 Bxf1 30.Kxf1 Bh6 31.Rb1 Bf4 32.Qb3 Qe7 33.Red1 Bh6 34.Nc4 Bg7 35.
Qg3 Qc7 36.Bc3 Rxd1+ 37.Rxd1 Rd8 38.Rd3 f6 39.Ke2 Bf8 40.Rxd8 Qxd8 41.Qd3 
Be7 42.Qxd8+ Nxd8 43.Na5 Kf7 44.Kd3 Ke8 45.Kc4 Kd7 46.a4 Kc8 47.Nb3 Nf7 
48.f3 f5 49.Be1 h5 50.Nc1 Bd8 51.Nd3 Bc7 52.Bd2 Kd7 53.Be3 fxe4 54.fxe4 
Bd8 55.Bd2 Bc7 56.b5 axb5+ 57.axb5 Bb8 58.h4 Bc7 59.Bc3 g5 60.hxg5 Nxg5 
61.b6 Bd8 62.Nxe5+ Kc8 63.Kd3 Bf6 64.Bd4 Bxe5 65.Bxe5 Kd7 66.Bf6 Nf7 67.
Kd4 Kc6 68.Be7 Kb5 69.Ke3 Ne5 70.Bd6 Ng6 71.Kf3 Kc6 72.Kg3 Kd7 73.Kh3 Kc6 
74.g4 hxg4+ 75.Kxg4 Nh8 76.e5 Nf7 77.Kh5 Kd7 78.Bc7 Nh8 79.Kh6 Nf7+ 80.Kg6
Nd8 81.Bxd8 Kxd8 82.Kf6 Kd7 83.Kf7 1-0

[Event "6th EUR-ch (w)"]
[Site "Chisinau MDA"]
[Date "2005.06.20"]
[Round "9"]
[White "Demina, Yulia"]
[Black "Socko, Monika"]
[Result "1/2-1/2"]
[WhiteElo "2346"]
[BlackElo "2464"]
[EventDate "2005.06.10"]
[PlyCount "102"]

1.d4 Nf6 2.Nf3 g6 3.c4 Bg7 4.g3 d5 5.cxd5 Nxd5 6.Bg2 Nb6 7.Nc3 Nc6 8.O-O 
Nxd4 9.Nxd4 Qxd4 10.Nb5 Qc4 11.Qb3 O-O 12.Qxc4 Nxc4 13.Nxc7 Rb8 14.Nd5 Re8
15.Bf4 Be5 16.Bxe5 Nxe5 17.Rac1 Kf8 18.Rfd1 Rd8 19.f4 Nc6 20.b3 Bd7 21.Kf2
Rbc8 22.Ke3 f6 23.b4 Kf7 24.a3 e5 25.Nc3 Ke7 26.Bd5 Be6 27.Bxe6 Kxe6 28.
Ne4 Rxd1 29.Rxd1 Ke7 30.Rc1 exf4+ 31.gxf4 a6 32.Rc3 f5 33.Ng5 h6 34.Nf3 
Kf6 35.h4 Re8+ 36.Kd2 Re4 37.e3 Ke7 38.Rc5 Kf6 39.Kd3 Re8 40.b5 Rd8+ 41.
Kc4 axb5+ 42.Rxb5 Ra8 43.Kd5 Rxa3 44.Rxb7 Rxe3 45.Rb6 Rxf3 46.Rxc6+ Kf7 
47.Rc7+ Kf6 48.Rc6+ Kf7 49.Rc7+ Kf8 50.Ke6 Rxf4 51.Rc8+ Kg7 1/2-1/2

[Event "6th EUR-ch (w)"]
[Site "Chisinau MDA"]
[Date "2005.06.20"]
[Round "9"]
[White "Kostiuk, Tatiana"]
[Black "Radziewicz, Iweta"]
[Result "0-1"]
[WhiteElo "2313"]
[BlackElo "2457"]
[EventDate "2005.06.10"]
[PlyCount "122"]

1.d4 Nf6 2.Nf3 c5 3.d5 b5 4.Bg5 Ne4 5.Bh4 Bb7 6.a4 Qa5+ 7.Nbd2 Bxd5 8.axb5
Qc7 9.Ra4 Qb7 10.Nxe4 Bxe4 11.e3 g6 12.Bd3 Bxd3 13.Qxd3 Bg7 14.Re4 O-O 15.
Rxe7 a6 16.O-O axb5 17.b3 Ra6 18.Rd1 Re6 19.Nd2 Re8 20.Rxe8+ Rxe8 21.Nf3 
Bf8 22.Bf6 Re6 23.Be5 d6 24.Bg3 h6 25.Ra1 Na6 26.c3 Nc7 27.h3 Qc6 28.Nd2 
Bg7 29.Rd1 Qd5 30.Qxd5 Nxd5 31.c4 Nc3 32.Re1 b4 33.e4 g5 34.Kf1 Kh7 35.f3 
Bd4 36.Nb1 Na2 37.Ke2 f5 38.Kd3 f4 39.Bh2 Re8 40.e5 Bxe5 41.Bg1 Kg6 42.Nd2
Kf5 43.Ne4 Ra8 44.Bf2 Ra3 45.Kc2 Nc3 46.Nd2 Ra2+ 47.Kd3 h5 48.Rh1 Rb2 49.
Re1 Ra2 50.Rh1 Ra8 51.Rf1 Rg8 52.Rh1 g4 53.hxg4+ hxg4 54.Rh5+ Ke6 55.Ne4 
gxf3 56.gxf3 Rg2 57.Ng5+ Kf6 58.Nh3 Nd1 59.Bh4+ Ke6 60.Ng5+ Kd7 61.Ne4 
Nb2# 0-1

[Event "6th EUR-ch (w)"]
[Site "Chisinau MDA"]
[Date "2005.06.20"]
[Round "9"]
[White "Skripchenko, Almira"]
[Black "Molchanova, Tatiana"]
[Result "1-0"]
[WhiteElo "2453"]
[BlackElo "2315"]
[EventDate "2005.06.10"]
[PlyCount "120"]

1.e4 c5 2.Nf3 Nc6 3.Bb5 g6 4.O-O Bg7 5.c3 Nf6 6.Re1 O-O 7.e5 Nd5 8.d4 cxd4
9.cxd4 d6 10.Nc3 dxe5 11.Bxc6 bxc6 12.Nxe5 Qc7 13.Na4 Rb8 14.Bd2 f6 15.Nc4
e5 16.dxe5 fxe5 17.Nc5 Rb5 18.Ne4 Nf4 19.Be3 Rd5 20.Qa4 Qd7 21.f3 Nxg2 22.
Kxg2 Qh3+ 23.Kg1 Rxf3 24.Bf2 Qg4+ 25.Ng3 Rd2 26.Rf1 Be6 27.Qa5 Rdxf2 28.
Rxf2 Rxf2 29.Kxf2 Qf4+ 30.Ke1 Bxc4 31.Qd2 Bd5 32.Rd1 Qh4 33.Qf2 e4 34.Nf1 
Qxf2+ 35.Kxf2 Bxb2 36.Ne3 Be6 37.Rd6 Kf7 38.Rxc6 Be5 39.Ra6 Bd4 40.Ra4 Bb6
41.Ke2 Kf6 42.a3 Bc5 43.Ra5 Bd6 44.Rxa7 h5 45.h4 Bg3 46.a4 Bxh4 47.a5 Bg3 
48.Rb7 Bc8 49.Rb6+ Kg5 50.a6 Bxa6+ 51.Rxa6 h4 52.Re6 h3 53.Nf1 Kf5 54.Re7 
Bf4 55.Kf2 g5 56.Ng3+ Kg4 57.Rxe4 Kh4 58.Ra4 Kg4 59.Ne2 Kf5 60.Nxf4 gxf4 
1-0

[Event "6th EUR-ch (w)"]
[Site "Chisinau MDA"]
[Date "2005.06.20"]
[Round "9"]
[White "Peptan, Corina-Isabela"]
[Black "Kochetkova, Yulia"]
[Result "1-0"]
[WhiteElo "2435"]
[BlackElo "2311"]
[EventDate "2005.06.10"]
[PlyCount "117"]

1.e4 c5 2.Nf3 Nc6 3.Bb5 e6 4.Bxc6 bxc6 5.d3 Qc7 6.O-O Ne7 7.Ng5 f6 8.Nh3 
Ng6 9.f4 Bd6 10.Be3 O-O 11.Nd2 Be7 12.f5 Ne5 13.fxe6 dxe6 14.Nf4 Bd7 15.
Qe2 Rad8 16.h3 g5 17.Nh5 Be8 18.Rf2 Bg6 19.Nb3 c4 20.dxc4 Bxh5 21.Qxh5 
Nxc4 22.Bd4 Ne5 23.Raf1 c5 24.Be3 Ng6 25.Qg4 Qe5 26.Nd2 f5 27.Qe2 Rxd2 28.
Bxd2 Bd6 29.g4 Nh4 30.Qe3 f4 31.Bc3 fxe3 32.Rxf8+ Bxf8 33.Bxe5 e2 34.Rxf8+
Kxf8 35.Bd6+ Kf7 36.Kf2 c4 37.Kxe2 Ng6 38.Kf3 e5 39.b3 cxb3 40.cxb3 Ke6 
41.Bc5 a6 42.Be3 h6 43.b4 Kd6 44.a4 Kc6 45.Bd2 Kd6 46.Kg3 Kc6 47.Bc3 Kd6 
48.Bd2 Nh4 49.b5 axb5 50.axb5 Kc5 51.Bb4+ Kxb5 52.Bf8 Kc4 53.Bxh6 Kd3 54.
Bxg5 Ng6 55.Kf3 Nf8 56.Bf6 Ne6 57.g5 Nd4+ 58.Kg4 Kxe4 59.g6 1-0

[Event "6th EUR-ch (w)"]
[Site "Chisinau MDA"]
[Date "2005.06.20"]
[Round "9"]
[White "Zakurdyaeva, Irina"]
[Black "Klinova, Masha"]
[Result "1/2-1/2"]
[WhiteElo "2260"]
[BlackElo "2391"]
[EventDate "2005.06.10"]
[PlyCount "156"]

1.e4 c6 2.d4 d5 3.Nc3 dxe4 4.Nxe4 Bf5 5.Ng3 Bg6 6.Nf3 Nd7 7.h4 h6 8.h5 Bh7
9.Bd3 Bxd3 10.Qxd3 e6 11.Bf4 Qa5+ 12.Bd2 Qc7 13.O-O-O Ngf6 14.c4 O-O-O 15.
Ne4 Nxe4 16.Qxe4 Nf6 17.Qc2 Bd6 18.g3 c5 19.d5 exd5 20.cxd5 Kb8 21.Bc3 
Rhe8 22.Bxf6 gxf6 23.Nh4 Re5 24.f4 Ree8 25.Nf5 Bf8 26.Qc3 Qb6 27.Rhe1 Rxe1
28.Qxe1 c4 29.d6 a6 30.Qd2 Qc6 31.Qd5 Qxd5 32.Rxd5 b5 33.g4 Kb7 34.g5 Kc6 
35.Rd1 fxg5 36.fxg5 hxg5 37.h6 Bxh6 38.Nxh6 f6 39.Nf5 g4 40.Rg1 Kd5 41.
Rxg4 Ke5 42.Nh6 Rd7 43.Rg1 Kxd6 44.Rd1+ Ke6 45.Rxd7 Kxd7 46.Kc2 Kd6 47.Kc3
Kc5 48.Nf5 b4+ 49.Kc2 Kd5 50.b3 Kc5 51.Ne3 cxb3+ 52.Kxb3 a5 53.Nf5 Kb5 54.
Nd6+ Kc6 55.Ne4 f5 56.Ng3 f4 57.Ne2 Kb5 58.Nxf4 a4+ 59.Kb2 Kc4 60.Ne2 Kd3 
61.Ng3 Kc4 62.Ne4 Kd4 63.Nf2 Kc4 64.Kc1 Kc3 65.Nd1+ Kc4 66.Nb2+ Kb5 67.Kb1
Ka5 68.Nd3 Kb5 69.Ne5 Kc5 70.Nd3+ Kc4 71.Nb2+ Kb5 72.Kc1 Ka5 73.Kd2 a3 74.
Nc4+ Kb5 75.Ne3 b3 76.axb3 Kb4 77.Kc2 a2 78.Kb2 a1=Q+ 1/2-1/2

[Event "6th EUR-ch (w)"]
[Site "Chisinau MDA"]
[Date "2005.06.20"]
[Round "9"]
[White "Vajda, Szidonia"]
[Black "Hryhorenko, Natalia"]
[Result "0-1"]
[WhiteElo "2391"]
[BlackElo "2294"]
[EventDate "2005.06.10"]
[PlyCount "76"]

1.e4 e6 2.d4 d5 3.Nd2 c5 4.exd5 exd5 5.Ngf3 Nf6 6.Bb5+ Bd7 7.Bxd7+ Nbxd7 
8.O-O Be7 9.dxc5 Nxc5 10.Nb3 Nce4 11.Nbd4 Qc8 12.Ng5 O-O 13.Qf3 g6 14.c3 
Re8 15.Re1 Bf8 16.Nxe4 Nxe4 17.Be3 Bg7 18.Rad1 Qc4 19.Nb3 a5 20.Nc1 b5 21.
Bd4 Ng5 22.Qg4 Bxd4 23.Qxg5 Bg7 24.Rxe8+ Rxe8 25.h3 b4 26.cxb4 axb4 27.Qd2
Re4 28.Nb3 Re2 29.Qg5 h6 30.Qd8+ Kh7 31.g3 Rxb2 32.Rxd5 Rxa2 33.Nd2 Ra1+ 
34.Kg2 Qc1 35.Kf3 Qh1+ 36.Kg4 Qg2 37.f3 h5+ 38.Kf4 Bh6+ 0-1

[Event "6th EUR-ch (w)"]
[Site "Chisinau MDA"]
[Date "2005.06.20"]
[Round "9"]
[White "Pokorna, Regina"]
[Black "Tsereteli, Tamara"]
[Result "1/2-1/2"]
[WhiteElo "2374"]
[BlackElo "2273"]
[EventDate "2005.06.10"]
[PlyCount "128"]

1.e4 c5 2.Nc3 Nc6 3.Nge2 Nf6 4.g3 g6 5.Bg2 Bg7 6.d3 d6 7.O-O O-O 8.h3 Ne8 
9.f4 Nd4 10.g4 Rb8 11.Ng3 b5 12.f5 Bb7 13.Nce2 Nxe2+ 14.Qxe2 Be5 15.Qf3 c4
16.Bh6 Ng7 17.Be3 cxd3 18.cxd3 Bxb2 19.Rab1 Be5 20.d4 Bxg3 21.Qxg3 a6 22.
f6 exf6 23.d5 Re8 24.Bd4 Re5 25.Rf2 Ne8 26.Bxe5 dxe5 27.Rbf1 g5 28.h4 h6 
29.hxg5 hxg5 30.Qh3 Qd6 31.Qh6 Qf8 32.Rxf6 Nxf6 33.Qxg5+ Qg7 34.Qxf6 Qxf6 
35.Rxf6 Bc8 36.g5 a5 37.Rd6 Bg4 38.Bf1 Bf3 39.Bd3 b4 40.Kf2 b3 41.axb3 Bd1
42.Bc4 Bxb3 43.Bxb3 Rxb3 44.Ra6 Kg7 45.Rxa5 Kg6 46.d6 f6 47.Ke2 Rb7 48.Kd3
Rd7 49.Ra6 Kxg5 50.Kc4 f5 51.Kd5 Kf6 52.exf5 Kxf5 53.Ra1 e4 54.Rf1+ Kg4 
55.Ke6 Rd8 56.Ke7 Ra8 57.d7 e3 58.Ra1 Rh8 59.Ke6 e2 60.Ke7 Kf3 61.d8=Q 
Rxd8 62.Kxd8 Kf2 63.Ra2 Kf1 64.Rxe2 Kxe2 1/2-1/2

[Event "6th EUR-ch (w)"]
[Site "Chisinau MDA"]
[Date "2005.06.20"]
[Round "9"]
[White "Sebag, Marie"]
[Black "Sharevich, Anna"]
[Result "1-0"]
[WhiteElo "2417"]
[BlackElo "2278"]
[EventDate "2005.06.10"]
[PlyCount "93"]

1.e4 c5 2.Nf3 e6 3.c3 Nf6 4.e5 Nd5 5.d4 cxd4 6.cxd4 Nc6 7.a3 d6 8.Bd3 dxe5
9.dxe5 Qc7 10.O-O g6 11.Re1 Bg7 12.Qe2 O-O 13.Bd2 a6 14.Nc3 Nxc3 15.Bxc3 
b5 16.h4 Bb7 17.h5 Rfe8 18.hxg6 hxg6 19.Ng5 Rad8 20.Rad1 Rd5 21.Be4 Rxd1 
22.Rxd1 Bh6 23.Qg4 Qe7 24.Nxf7 Qxf7 25.Bxg6 Qg7 26.Rd7 Ne7 27.Qxe6+ Kh8 
28.Qf7 Rf8 29.Qxg7+ Bxg7 30.Rxe7 Bd5 31.f3 Kg8 32.Rd7 Bc4 33.Be4 Re8 34.f4
Be6 35.Rd6 Bc4 36.Bg6 Rc8 37.Rd7 Be6 38.Re7 Bd5 39.g4 Bf8 40.Re8 Rxe8 41.
Bxe8 Bf3 42.Bd7 Bc5+ 43.Kh2 Kf7 44.Kg3 Bd5 45.Bc8 Be3 46.Bxa6 Bc6 47.Bc8 
1-0

[Event "6th EUR-ch (w)"]
[Site "Chisinau MDA"]
[Date "2005.06.20"]
[Round "9"]
[White "Vozovic, Oksana"]
[Black "Kosintseva, Tatiana"]
[Result "0-1"]
[WhiteElo "2288"]
[BlackElo "2486"]
[EventDate "2005.06.10"]
[PlyCount "68"]

1.e4 c5 2.Nf3 Nc6 3.Nc3 d6 4.Bb5 e5 5.d3 Ne7 6.O-O Bg4 7.h3 Bh5 8.Ne2 Bxf3
9.gxf3 g6 10.f4 Bg7 11.fxe5 dxe5 12.Bg5 Rc8 13.f4 exf4 14.c3 O-O 15.Bxf4 
a6 16.Ba4 Qd7 17.Kh2 Rcd8 18.Bc2 Ne5 19.d4 cxd4 20.cxd4 Nc4 21.Bb3 Nd6 22.
Nc3 Nc6 23.d5 Ne5 24.Rf2 b5 25.Qe2 Rde8 26.Raf1 f5 27.exf5 Rxf5 28.Kg2 Rh5
29.Rh1 Nf5 30.d6+ Kh8 31.Bxe5 Rxe5 32.Qd2 Bh6 33.Qd3 Re3 34.Qb1 Rg5+ 0-1

[Event "6th EUR-ch (w)"]
[Site "Chisinau MDA"]
[Date "2005.06.20"]
[Round "9"]
[White "Gvetadze, Sopio"]
[Black "Moser, Eva"]
[Result "1-0"]
[WhiteElo "2283"]
[BlackElo "2422"]
[EventDate "2005.06.10"]
[PlyCount "83"]

1.e4 e5 2.Nf3 d6 3.d4 exd4 4.Qxd4 a6 5.Bg5 Nc6 6.Qd2 Nf6 7.Nc3 Be7 8.Bc4 
O-O 9.O-O-O Rb8 10.Rhe1 Bg4 11.h4 b5 12.Bd5 Bxf3 13.gxf3 Ne5 14.Qe3 b4 15.
Ne2 Nxd5 16.exd5 Re8 17.Nd4 Qd7 18.Bxe7 Rxe7 19.Rg1 Rbe8 20.Rxg7+ Kxg7 21.
Qg5+ Ng6 22.Nf5+ Qxf5 23.Qxf5 Nxh4 24.Qg4+ Ng6 25.Qxb4 f5 26.Qa4 h5 27.
Qxa6 h4 28.Qf1 Rh8 29.Qh3 Kf6 30.f4 Rhh7 31.Qc3+ Kf7 32.Qh3 Kf6 33.Qf3 Kf7
34.a4 Re4 35.Qc3 Ke7 36.Qh3 Kf6 37.Qf3 Rh8 38.Rg1 Rhe8 39.Qc3+ Kf7 40.a5 
Ra8 41.Qh3 Kf6 42.Qg2 1-0

[Event "6th EUR-ch (w)"]
[Site "Chisinau MDA"]
[Date "2005.06.20"]
[Round "9"]
[White "Mamedyarova, Zeinab"]
[Black "Jackova, Jana"]
[Result "0-1"]
[WhiteElo "2286"]
[BlackElo "2406"]
[EventDate "2005.06.10"]
[PlyCount "120"]

1.d4 Nf6 2.Nf3 e6 3.e3 b6 4.c4 Bb7 5.Bd3 c5 6.O-O d6 7.b3 g6 8.Bb2 Bg7 9.
Nc3 O-O 10.Qe2 a6 11.a3 Nbd7 12.Bc2 Qc7 13.Rfd1 Rfe8 14.Rd2 Rad8 15.Rad1 
cxd4 16.Nxd4 Qb8 17.Nf3 Bf8 18.Ng5 Qa8 19.f3 d5 20.Na4 Be7 21.cxd5 exd5 
22.Bd4 b5 23.Nb2 Bxa3 24.Nd3 Bf8 25.Qf2 Bg7 26.Qh4 a5 27.Ra1 Qa6 28.Nf4 
Ne5 29.Kh1 Ra8 30.Rb1 Qc6 31.Qg3 b4 32.h4 a4 33.h5 axb3 34.Bxb3 Nc4 35.
hxg6 hxg6 36.Rc2 Qb5 37.Nxf7 Qd7 38.Ng5 Nxe3 39.Bxe3 Rxe3 40.Nxg6 Qe8 41.
Nh4 Nh5 42.Qf2 Rxb3 43.Rxb3 Ra1+ 44.Kh2 Be5+ 45.f4 Bxf4+ 46.g3 d4 47.Ng2 
Bxg5 48.Qxd4 Bf6 49.Qg4+ Ng7 50.Rxb4 Ba6 51.Rc7 Be2 52.Qh3 Qh5 53.Nf4 
Qxh3+ 54.Kxh3 Bf3 55.g4 Ra3 56.Nh5 Ba8+ 57.Ng3 Be5 58.Rc8+ Kf7 59.Kh4 
Bxg3+ 60.Kg5 Ra5+ 0-1

[Event "6th EUR-ch (w)"]
[Site "Chisinau MDA"]
[Date "2005.06.20"]
[Round "9"]
[White "Calzetta Ruiz, Monica"]
[Black "Hagarova, Zuzana"]
[Result "1-0"]
[WhiteElo "2254"]
[BlackElo "2386"]
[EventDate "2005.06.10"]
[PlyCount "71"]

1.e4 c5 2.Nf3 Nc6 3.Nc3 e6 4.d4 cxd4 5.Nxd4 Nf6 6.Nxc6 bxc6 7.e5 Nd5 8.Ne4
Qc7 9.f4 Qb6 10.c4 Bb4+ 11.Ke2 Ba6 12.Kf3 f5 13.exf6 Nxf6 14.c5 Qa5 15.
Nxf6+ gxf6 16.Bxa6 Qxa6 17.Be3 Qc4 18.a3 Ba5 19.Kf2 Rb8 20.b4 Bc7 21.g3 h5
22.Qb1 Ke7 23.Rc1 Qb5 24.Ra2 h4 25.g4 h3 26.Rd2 Rbg8 27.Rcd1 Rxg4 28.Rxd7+
Ke8 29.Qd3 Qxd3 30.R1xd3 e5 31.Rxc7 Rh5 32.Kf3 Rg2 33.Rd2 exf4 34.Bxf4 Rf5
35.Rdd7 Ra2 36.Rh7 1-0

[Event "6th EUR-ch (w)"]
[Site "Chisinau MDA"]
[Date "2005.06.20"]
[Round "9"]
[White "Burtasova, Anna"]
[Black "Bojkovic, Natasa"]
[Result "0-1"]
[WhiteElo "2223"]
[BlackElo "2371"]
[EventDate "2005.06.10"]
[PlyCount "76"]

1.e4 c5 2.Nf3 e6 3.c3 d5 4.exd5 Qxd5 5.d4 Nf6 6.Na3 Qd8 7.Nc4 Be7 8.Bd3 
cxd4 9.cxd4 O-O 10.O-O b6 11.Nce5 Bb7 12.Bg5 Nbd7 13.Rc1 Nxe5 14.dxe5 Nd5 
15.Bxe7 Qxe7 16.Be4 Rfd8 17.Qc2 h6 18.a3 Rd7 19.Qa4 Rad8 20.Rfe1 Rc7 21.
Rxc7 Qxc7 22.Nd4 a6 23.Qd1 Nf4 24.Bxb7 Rxd4 25.Qf3 Nd3 26.Rf1 Nxe5 27.Qe2 
Ng4 28.f4 Nxh2 29.Kxh2 Qxb7 30.f5 Qc7+ 31.Kg1 Qc5 32.Qf2 exf5 33.Qxf5 Rd5+
34.Qf2 Rf5 35.Qxc5 Rxf1+ 36.Kxf1 bxc5 37.Ke2 Kf8 38.Kd3 Ke7 0-1

[Event "6th EUR-ch (w)"]
[Site "Chisinau MDA"]
[Date "2005.06.20"]
[Round "9"]
[White "Srebrnic, Ana"]
[Black "Celuskina, Irina"]
[Result "1-0"]
[WhiteElo "2221"]
[BlackElo "2369"]
[EventDate "2005.06.10"]
[PlyCount "137"]

1.Nf3 Nf6 2.c4 e6 3.Nc3 c5 4.g3 Nc6 5.Bg2 d5 6.cxd5 Nxd5 7.O-O Be7 8.d4 
O-O 9.Nxd5 exd5 10.dxc5 Bxc5 11.Qc2 Be7 12.Rd1 Be6 13.Be3 Rc8 14.Qd2 Qd7 
15.Nd4 Bb4 16.Qd3 Ne5 17.Qb3 a5 18.Bf4 Ng6 19.Bd2 Rc4 20.Bxb4 Rxb4 21.Qa3 
b6 22.b3 Ne5 23.Rac1 h5 24.Qb2 Nc4 25.Qc3 Nd6 26.Qd2 Nb5 27.Nc6 Rg4 28.Ne5
Qe7 29.Nxg4 hxg4 30.a4 Nc7 31.Qf4 Na6 32.Bxd5 Nc5 33.Bxe6 Qxe6 34.e3 Nxb3 
35.Rb1 Nc5 36.Rd6 Qa2 37.Rdxb6 Nd3 38.Qf5 Nb4 39.Rc1 Qxa4 40.Qxg4 Qe8 41.
Qf5 Qa8 42.Ra1 Nd5 43.Rb5 Nc3 44.Rbxa5 Qb7 45.Ra7 Qc6 46.h4 g6 47.Qg4 Ne4 
48.h5 Nd2 49.e4 Nxe4 50.hxg6 Qxg6 51.Qxg6+ fxg6 52.Ra8 Rxa8 53.Rxa8+ Kg7 
54.Kg2 g5 55.Kf3 Nf6 56.Ra7+ Kg6 57.Ra6 Kf7 58.Ke3 Kg6 59.f3 Kf7 60.Kd4 
Nh5 61.g4 Nf4 62.Ke5 Ng6+ 63.Kf5 Nh4+ 64.Kxg5 Nxf3+ 65.Kh6 Ne5 66.g5 Kg8 
67.Ra8+ Kf7 68.Kh7 Ke7 69.g6 1-0

[Event "6th EUR-ch (w)"]
[Site "Chisinau MDA"]
[Date "2005.06.20"]
[Round "9"]
[White "Ionescu, Irina"]
[Black "Stepovaya, Tatiana"]
[Result "1/2-1/2"]
[WhiteElo "2252"]
[BlackElo "2348"]
[EventDate "2005.06.10"]
[PlyCount "114"]

1.e4 e6 2.d3 d5 3.Nd2 c5 4.g3 Nc6 5.Bg2 g6 6.Ngf3 Bg7 7.O-O Nf6 8.exd5 
Nxd5 9.Nb3 b6 10.c4 Nde7 11.d4 cxd4 12.Nfxd4 Bb7 13.Bg5 Nxd4 14.Bxb7 Rb8 
15.Bg2 Nxb3 16.Qxb3 O-O 17.Qa3 f6 18.Rad1 Qc7 19.Bd2 Rfd8 20.Bh3 f5 21.Bb4
Nc8 22.Rxd8+ Qxd8 23.Qa4 Bd4 24.Qc6 Kf7 25.Re1 e5 26.g4 Ne7 27.Qf3 f4 28.
g5 Qc7 29.b3 Rd8 30.Bg2 Nf5 31.Qh3 Kg7 32.Bd5 a5 33.Ba3 Qe7 34.Kf1 Rh8 35.
Qg2 h6 36.Bc6 Qc7 37.Be4 h5 38.Bxf5 gxf5 39.Qd5 Qf7 40.Rxe5 Bxe5 41.Qxe5+ 
Kh7 42.Qd6 Qg7 43.Qxf4 Qd7 44.Bb2 Re8 45.Qf3 Kg6 46.Qc3 Re6 47.h4 Qd1+ 48.
Kg2 Qg4+ 49.Kf1 Qe2+ 50.Kg1 f4 51.Kg2 Kf5 52.Qh3+ Qg4+ 53.Kh2 f3 54.Bd4 
Qxh3+ 55.Kxh3 Kf4 56.a3 Ke4 57.Bb2 Kf4 1/2-1/2

[Event "6th EUR-ch (w)"]
[Site "Chisinau MDA"]
[Date "2005.06.20"]
[Round "9"]
[White "Vasilevich, Irina"]
[Black "Velikhanli, Firuza"]
[Result "1-0"]
[WhiteElo "2347"]
[BlackElo "2303"]
[EventDate "2005.06.10"]
[PlyCount "157"]

1.e4 c5 2.Nf3 g6 3.d4 Bg7 4.dxc5 Qa5+ 5.Nc3 Qxc5 6.Nd5 Qa5+ 7.Bd2 Qd8 8.
Bc3 Nf6 9.Nxf6+ Bxf6 10.Bxf6 exf6 11.Qd2 O-O 12.O-O-O Nc6 13.Bc4 Ne5 14.
Bb3 a5 15.Bd5 d6 16.Nd4 Bd7 17.h4 Rc8 18.h5 g5 19.f4 Nc4 20.Qe2 b5 21.h6 
Qe7 22.Rdf1 Kh8 23.Rf2 gxf4 24.Rxf4 f5 25.Kb1 fxe4 26.Rxe4 Ne5 27.Qd2 a4 
28.a3 Rc5 29.Ba2 Qf6 30.Re2 Qg6 31.Rf1 Nc4 32.Bxc4 Rxc4 33.Re7 Bc6 34.Nxc6
Rxc6 35.Qd4+ Kg8 36.Qd2 Rc5 37.Rd7 Rfc8 38.Rfxf7 Qxf7 39.Rxf7 Kxf7 40.Qxd6
R8c7 41.Qd3 Ke6 42.c3 Rd5 43.Qe4+ Re5 44.Qg4+ Kd5 45.Qg8+ Ke4 46.Kc2 Kf4 
47.Qf8+ Kg5 48.g3 Rce7 49.c4 bxc4 50.Qf4+ Kg6 51.Kc3 Re4 52.Qf8 Rd7 53.Qa8
Rd3+ 54.Kb4 Rde3 55.Kxa4 c3+ 56.b4 Kxh6 57.Kb3 Re8 58.Qd5 Kg6 59.b5 R8e5 
60.Qg8+ Kf6 61.Qd8+ Ke6 62.Qe8+ Kd6 63.Qc6+ Ke7 64.Qc7+ Ke6 65.Qc4+ Kd6 
66.Qd4+ Ke6 67.b6 Rxg3 68.b7 Rb5+ 69.Kc4 c2 70.Qe4+ Kd6 71.Qf4+ Kc6 72.
Qh6+ Rg6 73.Qh1+ Kc7 74.Kxb5 Rb6+ 75.Ka5 Rxb7 76.Qxh7+ Kb8 77.Qxc2 Ra7+ 
78.Kb4 Rb7+ 79.Ka4 1-0

[Event "6th EUR-ch (w)"]
[Site "Chisinau MDA"]
[Date "2005.06.20"]
[Round "9"]
[White "Goreskul, Alyona"]
[Black "Kursova, Maria"]
[Result "0-1"]
[WhiteElo "2323"]
[BlackElo "2300"]
[EventDate "2005.06.10"]
[PlyCount "96"]

1.e4 c5 2.c3 Nf6 3.e5 Nd5 4.Nf3 e6 5.Na3 Be7 6.Nc4 O-O 7.d4 cxd4 8.cxd4 b5
9.Ne3 Bb7 10.Nxd5 Bxd5 11.Be2 Nc6 12.O-O a6 13.Be3 Qb6 14.Ne1 d6 15.Rc1 
Rfd8 16.Bd3 dxe5 17.dxe5 Qb7 18.Rxc6 Qxc6 19.Qg4 g6 20.Bh6 Rac8 21.b3 Qc3 
22.Qg3 Qd4 23.Bf4 Bb7 24.Be2 Qb2 25.Bf3 Bxf3 26.Nxf3 Qe2 27.h4 Rd1 28.Rxd1
Qxd1+ 29.Kh2 h5 30.Bh6 Qd3 31.Qf4 Rc2 32.Nd4 Rc5 33.Nf3 Rd5 34.Qc1 Bc5 35.
Bg5 b4 36.Bf6 Bf8 37.Qc8 Rd7 38.Ng5 Qd2 39.Kh3 Qd4 40.g3 Ra7 41.Qe8 Qd7 
42.Qb8 Qb7 43.Qxb7 Rxb7 44.Ne4 Rc7 45.Nd6 Rc2 46.Nc4 Rxf2 47.Bd8 Rxa2 48.
g4 Rc2 0-1

[Event "6th EUR-ch (w)"]
[Site "Chisinau MDA"]
[Date "2005.06.20"]
[Round "9"]
[White "Charochkina, Daria"]
[Black "Milliet, Sophie"]
[Result "1-0"]
[WhiteElo "2183"]
[BlackElo "2319"]
[EventDate "2005.06.10"]
[PlyCount "81"]

1.e4 c5 2.Nf3 Nc6 3.d4 cxd4 4.Nxd4 Qb6 5.Nb3 Nf6 6.Nc3 e6 7.a3 a6 8.Be3 
Qc7 9.Be2 b5 10.O-O Be7 11.f4 d6 12.Kh1 Bb7 13.Bf3 O-O 14.Qe2 Rac8 15.Qf2 
Rfe8 16.Rfd1 Bf8 17.Bb6 Qb8 18.a4 b4 19.Ne2 d5 20.exd5 exd5 21.Bxd5 Nxd5 
22.Rxd5 Ne7 23.Rd2 Nd5 24.Bd4 Bd6 25.Rf1 Rxe2 26.Qxe2 Nxf4 27.Qg4 g6 28.
Qg5 Nxg2 29.Rxg2 Rxc2 30.Rf2 Rxf2 31.Bxf2 Bxh2 32.Bd4 f5 33.Qe7 Bxg2+ 34.
Kxg2 Qg3+ 35.Kh1 Qf3+ 36.Kxh2 Qf4+ 37.Kg2 Qg4+ 38.Kf2 Qf4+ 39.Ke2 Qg4+ 40.
Kd3 Qd1+ 41.Nd2 1-0

[Event "6th EUR-ch (w)"]
[Site "Chisinau MDA"]
[Date "2005.06.20"]
[Round "9"]
[White "Rohonyan, Kateryna"]
[Black "Guseva, Marina"]
[Result "1/2-1/2"]
[WhiteElo "2309"]
[BlackElo "2264"]
[EventDate "2005.06.10"]
[PlyCount "126"]

1.c4 e6 2.Nf3 d5 3.g3 c6 4.Bg2 Nf6 5.O-O Nbd7 6.b3 Bd6 7.Bb2 O-O 8.Nc3 a6 
9.d4 b5 10.Nd2 bxc4 11.bxc4 Rb8 12.Qc2 Be7 13.Rad1 a5 14.e4 dxe4 15.Ncxe4 
Qc7 16.Rfe1 Ba6 17.Ng5 Rfe8 18.Ba1 Nf8 19.Ngf3 N6d7 20.h4 Bb7 21.Nf1 Bf6 
22.Ne3 c5 23.d5 Bxa1 24.Rxa1 Nf6 25.Red1 Red8 26.Ng5 Bc8 27.Rd2 h6 28.Nf3 
Ng6 29.Rad1 exd5 30.cxd5 Bd7 31.Nc4 Re8 32.d6 Qd8 33.Nh2 Nf8 34.Qc3 Ne4 
35.Bxe4 Rxe4 36.Nxa5 Qe8 37.Rd3 Qe6 38.Nb3 Re2 39.Nxc5 Qxa2 40.R3d2 Rb1 
41.Rxa2 Rxd1+ 42.Nf1 Rxa2 43.Nxd7 Nxd7 44.Qc7 Nf8 45.Kg2 Ra6 46.Ne3 Rdxd6 
47.Nf5 Rd7 48.Qc3 Rf6 49.g4 Ne6 50.Qe5 Kh7 51.Qe4 Kg8 52.Qe3 h5 53.f3 hxg4
54.fxg4 g5 55.hxg5 Rg6 56.Qc3 Rxg5 57.Qc8+ Rd8 58.Qc4 Kh7 59.Qe4 Rxg4+ 60.
Qxg4 Rg8 61.Qxg8+ Kxg8 62.Nh6+ Kf8 63.Nxf7 Kxf7 1/2-1/2

[Event "6th EUR-ch (w)"]
[Site "Chisinau MDA"]
[Date "2005.06.20"]
[Round "9"]
[White "Andriasian, Siranush"]
[Black "Sedina, Elena"]
[Result "0-1"]
[WhiteElo "2263"]
[BlackElo "2422"]
[EventDate "2005.06.10"]
[PlyCount "118"]

1.e4 Nf6 2.e5 Nd5 3.d4 d6 4.c4 Nb6 5.exd6 exd6 6.Nc3 Nc6 7.Be3 Be7 8.Qf3 
O-O 9.O-O-O d5 10.c5 Nc4 11.Nxd5 Nxe3 12.fxe3 Be6 13.Nc3 Qc8 14.Qf2 Nb4 
15.a3 Nd5 16.Nxd5 Bxd5 17.Bd3 b6 18.Qc2 bxc5 19.Bxh7+ Kh8 20.Bd3 Qe6 21.
Qe2 Bg5 22.Kb1 cxd4 23.Nh3 Bh6 24.Qh5 Be4 25.exd4 Rab8 26.Qe2 Bxd3+ 27.
Qxd3 Rb3 28.d5 Qb6 29.Qd4 Rb8 30.Qxb6 R8xb6 31.Ka1 Rxb2 32.d6 R2b3 33.Ka2 
cxd6 34.Rb1 Rxb1 35.Rxb1 Rxb1 36.Kxb1 Be3 37.Kc2 g6 38.Kd3 Bc1 39.a4 Kg7 
40.Ke4 Kf6 41.Kd5 Ke7 42.Ng1 Kd7 43.Nf3 Be3 44.g4 Ke7 45.h3 Bf4 46.Nd4 Be3
47.Nb5 Bc5 48.Nc3 f5 49.gxf5 gxf5 50.Ne2 Kf6 51.h4 Bf2 52.h5 Kg5 53.Ke6 f4
54.h6 f3 55.h7 fxe2 56.h8=Q e1=Q+ 57.Kxd6 Qb4+ 58.Kd5 Qc5+ 59.Ke6 Qc6+ 0-1